| 000 | 00954nam a2200313 u 4500 | ||
|---|---|---|---|
| 001 | 000020370 | ||
| 003 | DO-SdBNP | ||
| 005 | 20171103133714.0 | ||
| 007 | 000020370 | ||
| 008 | 100806s1986 dr r 000 0 spa d | ||
| 040 |
_aBPMSU _bspa _cBPMSU |
||
| 082 | 0 | 4 |
_aRD864.4 _bH519e |
| 100 | 1 |
_aHenríquez I Carvajal, Federico _d1848-1952 |
|
| 245 | 1 | 0 |
_aÉtica i estética / _cFederico Henríquez I Carvajal ; presentación Cándido Gerón. |
| 260 |
_aSanto Domingo : _bBiblioteca Nacional, _c1986. |
||
| 300 |
_a2v. _c23 cm. |
||
| 490 | 1 | _aOrfeo | |
| 505 | 0 |
_gv. 1. _tPáginas breves -- |
|
| 505 | 0 |
_gv. 2. _tAlmas y libros -- |
|
| 650 | 4 | _aENSAYOS DOMINICANOS | |
| 650 | 4 | _aCRÍTICA LITERARIA | |
| 650 | 4 | _aLITERATURA HISPANOAMERICANA | |
| 700 | 1 | _4Gerón, Candido | |
| 830 | 0 | _aOrfeo | |
| 910 | _aValidado. Control de calidad MFF | ||
| 942 |
_2ddc _cBK |
||
| 945 | _aInventariado, 2017/MFF | ||
| 956 |
_aVMATEO _b10 _c20100810 _lBPMSU _h0069 |
||
| 999 |
_c7217 _d7217 |
||